| 000 | 00434 a2200157 4500 | ||
|---|---|---|---|
| 005 | 20250318083606.0 | ||
| 020 | _a0-471-63578-2 | ||
| 082 | _a658.87 DAV | ||
| 100 | _aDAVIDSON, W. R. | ||
| 245 | _aRetailing Management | ||
| 250 | _a6th Ed. | ||
| 260 |
_aNew York, _bJohn Willey & Sons, _c1988. |
||
| 300 |
_axix, 876p.: ill.; figure, table _b Bibliography, index _c24cm. |
||
| 700 | _aSWEENEY, D. J. & STAMPFL, R. W. | ||
| 942 |
_2ddc _cBKS |
||
| 999 |
_c861 _d861 |
||